Städte in Mecklenburg-Vorpommern - Karten-Quiz - Statistiken

Allgemein
  • Dieses Quiz wurde 56 mal gespielt
  • Das Durchschnittsergebnis liegt bei 11 aus 15
Antworten auf der Karte
Die Antworten werden auf der Karte rot bzw. grün angezeigt, abhängig davon wie oft sie richtig erraten wurden.
 
Antwortstatistiken
Antwort % Korrekt
Rostock
100%
Bergen auf Rügen
97%
Schwerin
97%
Stralsund
97%
Greifswald
91%
Wismar
88%
Waren (Müritz)
81%
Güstrow
66%
Neubrandenburg
66%
Demmin
63%
Parchim
59%
Anklam
56%
Neustrelitz
56%
Pasewalk
53%
Hagenow
47%
Keine übereinstimmenden Quizze gefunden
Verteilung der Resultate
Anzahl Personen mit jedem Resultat
Perzentil nach korrekt beantworteten Fragen
Ihre Resultats-Entwicklung
Sie haben dieses Quiz noch nicht gespielt